Normal view
MARC view
- Mark Srednicki
Entry Personal Name
001 - CONTROL NUMBER
- control field: 13056
003 - CONTROL NUMBER IDENTIFIER
- control field: NUST
005 - DATE AND TIME OF LATEST TRANSACTION
- control field: 20190117074927.0
008 - FIXED-LENGTH DATA ELEMENTS
- fixed length control field: 190117|| aca||aabn | a|a d
040 ## - CATALOGING SOURCE
- Original cataloging agency: NUST
- Transcribing agency: NUST
100 ## - HEADING--PERSONAL NAME
- Personal name: Mark Srednicki
670 ## - SOURCE DATA FOUND
- Source citation: Work cat.: (NUST): Mark Srednicki, Quantum Field Theory, 2007
